[Event "New England op 55th"]
[Site "Waterbury"]
[Date "1995.??.??"]
[Round "4"]
[White "Vatnikov, Josif E"]
[Black "Stengelin, Martin"]
[Result "1-0"]
[WhiteElo "2325"]
[BlackElo "2250"]
[PlyCount "120"]
[EventDate "1995.09.??"]
[EventType "swiss"]
[EventRounds "6"]
[EventCountry "USA"]
[SourceTitle "EXT 2005"]
[Source "ChessBase"]
[SourceDate "2004.11.15"]
[SourceVersion "1"]
[SourceVersionDate "2004.11.15"]
[SourceQuality "1"]

1. Nf3 d5 2. b3 Nf6 3. Bb2 e6 4. g3 Be7 5. Bg2 0-0 6. 0-0 c5 7. e3 Nc6 8. d4 b6 9. c4 Bb7 10. Nbd2 Rc8 11. Qe2 Qc7 12. Rac1 cxd4 13. exd4 Rfd8 14. Rfd1 Qd7 15. Ne5 Qe8 16. cxd5 Nxd5 17. Ndc4 Bf6 18. Be4 b5 19. Nxc6 Bxc6 20. Ne5 Bb7 21. Nd3 Rxc1 22. Rxc1 Rc8 23. Nc5 Bc6 24. a3 Nb6 25. Qd3 Bxe4 26. Qxe4 Qc6 27. Qxc6 Rxc6 28. Kf1 Nd5 29. Ke2 Bg5 30. f4 Bd8 31. Kd3 g6 32. Rc2 Rc7 33. Bc1 Bf6 34. Bd2 h5 35. Rc1 Bg7 36. a4 bxa4 37. bxa4 Ne7 38. Ba5 Rc8 39. Bd2 Rd8 40. Rc4 h4 41. Nb3 hxg3 42. hxg3 Rb8 43. Rb4 Rd8 44. a5 e5 45. fxe5 Bxe5 46. g4 Bb8 47. Bg5 Nc6 48. Bxd8 Nxb4+ 49. Kc4 Nc2 50. Kc5 f5 51. gxf5 gxf5 52. d5 Kf7 53. Kc6 Nb4+ 54. Kc5 Ke8 55. Bf6 Nd3+ 56. Kd4 Nb4 57. Kc4 Bd6 58. Nd4 Na6 59. Nxf5 Kd7 60. Bd4 Bb8 1-0